000 00407nam a2200145Ia 4500
005 20250306023238.0
008 240331s9999 xx 000 0 und d
082 _bJEE
_22141
_a920
100 _aJeeva, D
245 0 _aMallikai Mukangal
260 _aJaffna
_bMallikai Panthal
_c1996
300 _a238 p.,
500 _aA collection of 65 achievers who contributed to Sri Lankan Tamil literature.
942 _cL
999 _c4241
_d4241